Nueva alborada

محفوظ في:
التفاصيل البيبلوغرافية
المؤلف الرئيسي: Hilton, James (مؤلف)
التنسيق: كتاب
اللغة:الإسبانية
منشور في: Santiago Círculo Literario 1952
الموضوعات:
الوسوم: إضافة وسم
لا توجد وسوم, كن أول من يضع وسما على هذه التسجيلة!

MARC

LEADER 00000nam a2200000 a 4500
001 UCQ3809
003 CL-VaPUC
008 980828e19520000CL |||||||||||||||||spa|d
082 0 4 |a 823  |b HIL  |2 21 
100 |a Hilton, James  |e author  |9 418044 
245 1 0 |a Nueva alborada 
300 |a 323 p 
942 |c BK 
945 |d 19980828 00:00:00  |a crobeson 
260 |a Santiago  |b Círculo Literario  |c 1952 
650 0 |a Novelas inglesas  |9 265220 
650 0 |a Literatura inglesa  |9 312907 
583 |a last modification  |c 19980828 00:00:00  |k Rodrigo Vera 
999 |c 274322  |d 274320 
952 |0 0  |1 0  |4 0  |6 823_000000000000000_HIL_1952  |7 0  |8 A  |9 310472  |a BIBEDU  |b BIBEDU  |d 2019-11-20  |i 1458515  |o 823 HIL 1952  |p 1458515  |r 2019-11-20  |w 2019-11-20  |y BK  |k LIT